00562nam a2200145Ia 4500008004100000245011400041260002400155260000900179300000800188650002300196650001200219856009300231999001900324952007300343170516s9999 xx 000 0 und d aDiffusion-weighted MRI characteristics of the cerebral metastasis to brain boundary predicts patient outcomes bBMC Medical Imaging c2014 a14: xMedical Technology xMedtech uhttp://bmcmedimaging.biomedcentral.com/articles?query=&volume=14&searchType=&tab=keyword c330186d330186 001040aCLbCLd2017-05-16l0r2017-05-16 00:00:00w2017-05-16yFOJ